| 000 | 00466 a2200157 4500 | ||
|---|---|---|---|
| 020 | _a8189261509 | ||
| 040 |
_aDLC _bDLC |
||
| 082 | _a808.042 SHA | ||
| 100 | _aShaffer, Lawrence | ||
| 245 |
_a Precis and paragraph writing _cLawrence Shaffer, |
||
| 260 |
_aNew Delhi: _bK. S. Paperbacks. |
||
| 300 |
_a364 p. _c20 cm. |
||
| 500 | _aIncludes Index | ||
| 650 | _a1.English language--Rhetoric.Report writing.English language--Paragraphs. | ||
| 942 |
_cBK _k 808.042 SHA _2ddc |
||
| 999 |
_c4878 _d4878 |
||